00260 a2200109 4500001000700000020000600007040001100013100002600024240004800050245004300098362000900141166859 a  cMagnum aGarcia, Jesus Nicasio10aManual de dificuldades de aprendizagemlpor10aManual de dificuldades de aprendizagem0 a1899